Some issues connected with sectarianism in Nothern Ireland

Bibliographic Details
Main Author: Šulovská, Denisa, 1972- (Author)
Format: Article
Language:English
PhysicalDescription:Graf
ISBN:8022320013
Subjects:

MARC

LEADER 00000nab a2200000 ar4500
001 vtls009623548
003 SK-MaSNL
005 20260318121437.0
008 090702c2004 xo |||||| ab |||| a|eng
015 |a SNBRA2009/06  |2 snkbucl 
038 |a SNKBUCL 
040 |a SNKBUCL  |b slo  |c SNKBUCL  |e AACR2 
041 0 |a eng  |b slo 
044 |a xo  |c SK 
080 |a 2-674  |x (410.7)  |x (091)  |2 2001 
080 |a 94(410.7)  |2 2001 
080 |a 274/278:272  |x (410.7)  |x (091)  |2 2001 
100 1 |a Šulovská, Denisa,  |d 1972-  |4 aut  |9 193943 
245 1 0 |a Some issues connected with sectarianism in Nothern Ireland  |c Denisa Šulovská 
300 |b Graf 
504 |a Bibliografia 
546 |a Res. slov. 
650 0 7 |a sektárstvo  |2 snkbucl  |9 841747 
650 0 7 |a náboženské konflikty  |2 SNKPH  |9 69636 
650 0 7 |a evanjelici a katolíci  |2 SNKPH  |9 4028 
651 7 |a Severné Írsko  |2 SNKPHgeo  |9 49302 
651 7 |a Ulster (Írsko)  |2 SNKPHgeo  |9 87040 
773 0 |t Philologica. LX, Eighty years of English studies at the Faculty of arts : zborník Filozofickej fakulty Univerzity Komenského  |d Bratislava : Univerzita Komenského, 2004  |g S. 389-395  |z 8022320013 
852 |a SNK  |b KIS3GCP 
958 |a NB 
958 |a NT 
958 |a GB 
999 |c 3219476  |d 3221406